000 00729nam a2200217Ii 4500
003 JO-AjNU
008 230605s9999||||xx |||||||||||||| ||und||
017 _a83/2128
020 _a977-154-007-6
040 _aJO-AjNU
_bara
_erda
_cJO-AjNU
041 _aara
050 1 4 _aPJ6063.B362 1985
100 3 _aتاليف البقري،أحمد ماهر,
_eauthor
_913450
245 0 0 _aنجاة ومناهج
264 3 1 _aالاسكندرية: المكتب الجامعي الحديث، 1984
300 _a208ص
336 _atext
_btxt
_2rdacontent
337 _aunmediated
_bn
_2rdamedia
338 _avolume
_bnc
_2rdacarrier
650 4 _aنحاة ومناهج-اللغة العربية-قواعد اللغة العربية
_913451
999 _aA3352
_c6920
_d6920